000 00464nmm a2200169Ia 4500
008 251105s9999||||xx |||||||||||||||||und||
020 _a9788498168150
041 _aspa
100 _aRodríguez de Montalvo, Garci
245 0 _aAmadís de Gaula II
264 _a[Madrid, España] :
_bLinkgua,
_c2011
300 _a228 páginas
490 _aNarrativa
650 _aSpanish narrative
856 _uhttps://public.digitaliapublishing.com/a/16208
942 _cCF
999 _c91470
_d91470